La película que no se ve

Salvato in:
Dettagli Bibliografici
Autore principale: Carrière, Jean-Claude (Autore)
Natura: Libro
Lingua:spagnolo
Pubblicazione: Barcelona Paidós 1997
Serie:Serie Paidós Comunicación Cine, 84
Soggetti:
Tags: Aggiungi Tag
Nessun Tag, puoi essere il primo ad aggiungerne!!

MARC

LEADER 00000nam a2200000 a 4500
001 UCQ4572
003 CL-VaPUC
008 980910e19970000SP |||||||||||||||||spa|d
082 0 4 |a 791.437  |b CAR  |2 21 
100 |a Carrière, Jean-Claude  |e author  |9 326829 
245 1 3 |a La película que no se ve 
300 |a 172 p 
942 |c BK 
945 |d 19980910 00:00:00  |a aarredon 
260 |a Barcelona  |b Paidós  |c 1997 
650 0 |a Cine  |9 225706 
650 7 |a PELICULAS CINEMATOGRAFICAS  |2 CL-VaPUC  |9 418736 
650 0 |a Iluminación  |9 340311 
650 0 |a Actores   |9 302313 
650 7 |a GUIONES  |2 CL-VaPUC  |9 355411 
583 |a last modification  |c 19980910 00:00:00  |k Rodrigo Vera 
490 0 |a Serie Paidós Comunicación Cine, 84 
999 |c 274929  |d 274927 
952 |0 0  |1 0  |4 0  |6 791_437000000000000_CAR_1997  |7 0  |8 R  |9 311334  |a BIBART  |b BIBART  |d 2019-11-20  |i 346251K  |o 791.437 CAR 1997  |p 346251K  |r 2025-03-13  |w 2019-11-20  |y BK_R  |k ART